Readymade job search letters : every type of letter for getting the job you want

Bibliographic Details
Main Author: Williams, Lynn
Format: Book
Published: London : Kogan Page , 2000
Subjects:

MARC

LEADER 00000cam a2200000 7i4500
001 0000059001
005 20020727.0
020 |a 0749433221 
090 0 0 |a 650.14   |b WIL 
100 1 |a Williams, Lynn 
245 1 0 |a Readymade job search letters :   |b every type of letter for getting the job you want   |c Lynn Williams 
260 |a London :   |b Kogan Page ,   |c 2000 
300 |a 166p. ;   |c 21cm. 
650 0 0 |a Job hunting 
650 0 0 |a Resumes (Employment) 
999 |a 114511   |b BUKU   |c PINJAMAN   |e PERPUSTAKAAN KOMUNITI PETALING JAYA